000 01083nam a22002537a 4500
005 20170124102943.0
010 _aA-467495
020 _c50.00
035 _aA-467495
037 _bCen Lib/Ret
040 _aDPL
_bHN
082 _a822
_bश्रिवास्त
100 _aश्रिवास्तव, देवी
_944829
245 _aसत्यमेव जयते /
_cदेवी श्रिवास्तव
246 _aSatyamev jayte /
_bby Devi Shrivastav
260 _aनई दिल्ली
_bसियारानी मेमोरियल ट्रस्ट
_c1991
270 _aए 1/308, सफदरजंग एन्क्लेव
_bनई दिल्ली
_e110029
300 _a104पृ.
_c22सेमी (सजिल्द)
650 _aहिंदी साहित्य
_949015
650 _aहिंदी साहित्य--नाटक
_949016
650 _aHindi literature
_949017
650 _aHindi literature--Play
_949018
942 _2ddc
_cHN
_h822
_mश्रिवास्त
999 _c112748
_d112748